Význam neziskových organizácií
Sociálne potreby budú rásť v dvoch oblastiach - potreba charity a potreba služieb zameraných na zmenu spoločnosti a ľudskej bytosti. Poslanie a činnosť neziskových organizácií. Vytvorenie podmienok. Nadácie a ich činnosť. Dary a darcovstvo právnických a fyzických osôb.
Guardado en:
| Autor principal: | |
|---|---|
| Otros Autores: | |
| Formato: | Capítulo de libro |
| Lenguaje: | eslovaco |
| Materias: | |
| Etiquetas: |
Sin Etiquetas, Sea el primero en etiquetar este registro!
|
MARC
| LEADER | 00000naa a2200000 4500 | ||
|---|---|---|---|
| 001 | r045478 | ||
| 005 | 20230927091349.7 | ||
| 041 | 0 | |a slo | |
| 044 | |a SK | ||
| 245 | 1 | 0 | |a Význam neziskových organizácií |c Michal Tušan, Radoslav Tušan |
| 520 | |a Sociálne potreby budú rásť v dvoch oblastiach - potreba charity a potreba služieb zameraných na zmenu spoločnosti a ľudskej bytosti. Poslanie a činnosť neziskových organizácií. Vytvorenie podmienok. Nadácie a ich činnosť. Dary a darcovstvo právnických a fyzických osôb. | ||
| 610 | 2 | 0 | |a organizácie neziskové |
| 610 | 2 | 0 | |a pomoc sociálna |
| 610 | 2 | 0 | |a nadácie |
| 610 | 2 | 0 | |a dary |
| 610 | 2 | 0 | |a osoby fyzické |
| 610 | 2 | 0 | |a osoby právnické |
| 100 | 1 | |a Tušan, Michal | |
| 700 | 1 | |a Tušan, Radoslav | |